প্রাচীন নাট্যপ্রসঙ্গ / (Record no. 53201)
[ view plain ]
| 000 -LEADER | |
|---|---|
| fixed length control field | 00887nam a2200217 a 4500 |
| 001 - CONTROL NUMBER | |
| control field | 53201 |
| 003 - CONTROL NUMBER IDENTIFIER | |
| rucl marc code | BD-RjUL |
| 005 - DATE AND TIME OF LATEST TRANSACTION | |
| control field | 20211209075926.0 |
| 008 - FIXED-LENGTH DATA ELEMENTS--GENERAL INFORMATION | |
| fixed length control field | 161004s1970 ii ||||| |||| 00| 0 ben d |
| 035 ## - SYSTEM CONTROL NUMBER | |
| System control number | (BD-RjUL)53321 |
| 040 ## - CATALOGING SOURCE | |
| Original cataloging agency | BD-RjUL |
| Language of cataloging | ben |
| Transcribing agency | BD-RjUL |
| 041 ## - LANGUAGE CODE | |
| Language code of text/sound track or separate title | ben |
| 082 ## - DEWEY DECIMAL CLASSIFICATION NUMBER | |
| Edition number | 23 |
| Classification number | 891.44209 |
| Author mark and year | SAP 1970 |
| 100 ## - MAIN ENTRY--PERSONAL NAME | |
| Personal name | সান্যাল, অবন্তীকুমার |
| 9 (RLIN) | 159026 |
| 245 10 - TITLE STATEMENT | |
| Title | প্রাচীন নাট্যপ্রসঙ্গ / |
| Statement of responsibility, etc. | অবন্তীকুমার সান্যাল |
| 260 ## - PUBLICATION, DISTRIBUTION, ETC. (IMPRINT) | |
| Place of publication, distribution, etc. | কলিকাতা : |
| Name of publisher, distributor, etc. | করুণা প্রকাশনী, |
| Date of publication, distribution, etc. | ১৯৭০ [১৩৭৭] |
| 300 ## - PHYSICAL DESCRIPTION | |
| Pagination | ১৪৭ পৃ. ; |
| Size | ১৯ সেমি. |
| 650 ## - SUBJECT ADDED ENTRY--TOPICAL TERM | |
| Topical term or geographic name as entry element | বাংলা নাটক |
| General subdivision | ইতিহাস ও সমালোচনা |
| 9 (RLIN) | 123674 |
| Topical term or geographic name as entry element | Bengali Drama |
| General subdivision | History & Criticism |
| 9 (RLIN) | 127231 |
| 942 ## - ADDED ENTRY ELEMENTS (KOHA) | |
| Source of classification or shelving scheme | Dewey Decimal Classification |
| Koha item type | Books |
| Lost status | Source of classification or shelving scheme | Damaged status | Not for loan | Collection code | Permanent Location | Current Location | Shelving location | Date acquired | Source of acquisition | Total Checkouts | Full call number | Date last seen | Copy number | Koha item type | Cost, normal purchase price |
|---|---|---|---|---|---|---|---|---|---|---|---|---|---|---|---|
| Dewey Decimal Classification | Non-fiction | Central Library, University of Rajshahi | Central Library, University of Rajshahi | 21/08/1973 | Varotio High Comissioner, Rajshahi | B 891.44209 SAP 1970 | 04/10/2016 | C-2 | Books | ||||||
| Dewey Decimal Classification | Non-fiction | Central Library, University of Rajshahi | Central Library, University of Rajshahi | 22/09/1981 | India Int. Calcutta | B 891.44209 SAP 1970 | 24/10/2016 | C-3 | Books | 10.00 | |||||
| Dewey Decimal Classification | Non-fiction | Central Library, University of Rajshahi | Central Library, University of Rajshahi | 20/11/1979 | Indian international calcutta, | B 891.44209 SAP 1970 | 23/11/2016 | C-4 | Books | 10.00 | |||||
| Dewey Decimal Classification | Non-fiction | Central Library, University of Rajshahi | Central Library, University of Rajshahi | 20/11/1979 | Indian international calcutta, | B 891.44209 SAP 1970 | 23/11/2016 | C-5 | Books | 10.00 |